[Event "SVK-chT2D 1819"]
[Site "Slovakia"]
[Date "2019.04.07"]
[Round "11.2"]
[White "Dujava, Jonas"]
[Black "Hotak, Marian"]
[Result "1/2-1/2"]
[WhiteElo "2042"]
[BlackElo "1991"]
[PlyCount "42"]
[EventDate "2018.10.13"]
[EventType "team-tourn"]
[EventRounds "11"]
[EventCountry "SVK"]
[SourceTitle "EXT 2020"]
[Source "ChessBase"]
[SourceDate "2019.10.17"]
[SourceVersion "1"]
[SourceVersionDate "2019.10.17"]
[SourceQuality "1"]
[WhiteTeam "Presov Slavia PU"]
[BlackTeam "Spisska Nova Ves"]
[WhiteTeamCountry "SVK"]
[BlackTeamCountry "SVK"]

1. e4 e5 2. Nf3 Nc6 3. Bc4 Bc5 4. 0-0 Nf6 5. d4 Bxd4 6. Nxd4 Nxd4 7. f4 d6 8. fxe5 dxe5 9. Bg5 Be6 10. Na3 Qe7 11. Bxf6 gxf6 12. Bxe6 Nxe6 13. Kh1 Rd8 14. Qf3 Ng5 15. Qxf6 Qxf6 16. Rxf6 Nxe4 17. Rf5 f6 18. Re1 Rd2 19. g3 Nf2+ 20. Kg1 Nh3+ 21. Kh1 Nf2+ 1/2-1/2

[Event "SVK-chT U20 final"]
[Site "Trnava"]
[Date "2018.05.05"]
[Round "3.1"]
[White "Batora, Matej"]
[Black "Dujava, Jonas"]
[Result "1-0"]
[WhiteElo "1919"]
[BlackElo "2068"]
[PlyCount "151"]
[EventDate "2018.05.04"]
[EventType "team-tourn"]
[EventRounds "5"]
[EventCountry "SVK"]
[SourceTitle "EXT 2019"]
[Source "ChessBase"]
[SourceDate "2018.10.10"]
[SourceVersion "1"]
[SourceVersionDate "2018.10.10"]
[SourceQuality "1"]
[WhiteTeam "Nitra Junior"]
[BlackTeam "Presov Slavia"]
[WhiteTeamCountry "SVK"]
[BlackTeamCountry "SVK"]

1. e4 c5 2. Nf3 Nc6 3. d4 cxd4 4. Nxd4 g6 5. c4 Nf6 6. Nc3 Nxd4 7. Qxd4 Bg7 8. Be3 0-0 9. Qd2 d6 10. f3 Bd7 11. Be2 Bc6 12. 0-0 a5 13. b3 Nd7 14. Rab1 Nc5 15. Rfc1 Qb6 16. Rc2 Qb4 17. Qc1 Qb6 18. a3 Qc7 19. b4 Na4 20. Nd5 Bxd5 21. exd5 axb4 22. axb4 Nb6 23. Qd2 Ra3 24. Bf2 Na4 25. Rbc1 Rb3 26. c5 Bb2 27. Bb5 Bxc1 28. Rxc1 Rb2 29. Qd4 dxc5 30. bxc5 Rxb5 31. Qxa4 Ra5 32. Qb4 Rd8 33. Bg3 Rd6 34. Qc3 Rxc5 35. Qxc5 Qxc5+ 36. Rxc5 Rb6 37. Be5 f6 38. Bc7 Rb1+ 39. Kf2 b6 40. Rc6 Rd1 41. d6 exd6 42. Rxd6 Rc1 43. Bxb6 f5 44. Rd8+ Kf7 45. Rd7+ Kg8 46. Bd4 Rc2+ 47. Kg3 Rd2 48. Rd8+ Kf7 49. Bb6 Rb2 50. Be3 Rb7 51. Ra8 Rb3 52. Ra7+ Kg8 53. Bd4 Rd3 54. Ba1 Rd1 55. Bf6 Rd6 56. Rg7+ Kf8 57. Be7+ Kxg7 58. Bxd6 Kh6 59. Bf8+ Kg5 60. f4+ Kf6 61. h4 Kf7 62. Bb4 Kg7 63. Kf3 Kf7 64. Bc3 Ke6 65. Ke3 Kd5 66. Kd3 Kc5 67. Bg7 Kd5 68. Bf8 Ke6 69. Kd4 Kf7 70. Bh6 Ke8 71. Ke5 Ke7 72. Bg5+ Kf7 73. Bd8 Kg7 74. h5 Kh6 75. hxg6 hxg6 76. Bg5+ 1-0

[Event "SVK-chT U20 final"]
[Site "Trnava"]
[Date "2018.05.05"]
[Round "2.1"]
[White "Dujava, Jonas"]
[Black "Kostolansky, Sebastian Lukas"]
[Result "1/2-1/2"]
[WhiteElo "2068"]
[BlackElo "2197"]
[PlyCount "84"]
[EventDate "2018.05.04"]
[EventType "team-tourn"]
[EventRounds "5"]
[EventCountry "SVK"]
[SourceTitle "EXT 2019"]
[Source "ChessBase"]
[SourceDate "2018.10.10"]
[SourceVersion "1"]
[SourceVersionDate "2018.10.10"]
[SourceQuality "1"]
[WhiteTeam "Presov Slavia"]
[BlackTeam "Bratislava Slovan"]
[WhiteTeamCountry "SVK"]
[BlackTeamCountry "SVK"]

1. c4 e5 2. Nc3 Nf6 3. g3 d5 4. cxd5 Nxd5 5. Bg2 Nb6 6. Nf3 Nc6 7. 0-0 Be7 8. d3 0-0 9. Be3 Be6 10. Na4 Nd5 11. Bc5 b5 12. Bxe7 Qxe7 13. Nc3 Nxc3 14. bxc3 Rab8 15. Qd2 Rfd8 16. Qe3 f6 17. d4 exd4 18. Nxd4 Nxd4 19. cxd4 Qf7 20. d5 Bxd5 21. Qxa7 Bxg2 22. Kxg2 Qd5+ 23. Kg1 c5 24. Rad1 Qc6 25. Qa5 Re8 26. Qd2 c4 27. e3 c3 28. Qd5+ Qxd5 29. Rxd5 Red8 30. Rc5 Rdc8 31. Rxc8+ Rxc8 32. Rc1 b4 33. Rb1 Rd8 34. Kg2 c2 35. Rc1 Rd2 36. Kf3 f5 37. e4 fxe4+ 38. Ke3 Rd3+ 39. Kxe4 Rc3 40. Kd4 Kf7 41. a3 Rxa3 42. Rxc2 Rf3 1/2-1/2

[Event "Banska Bystrica Regional Cup"]
[Site "Banska Bystrica"]
[Date "2016.05.08"]
[Round "5.1"]
[White "Poliakova, Emma"]
[Black "Dujava, Jonas"]
[Result "0-1"]
[WhiteElo "1854"]
[BlackElo "2020"]
[PlyCount "104"]
[EventDate "2016.05.06"]
[EventType "team-tourn"]
[EventRounds "5"]
[EventCountry "SVK"]
[SourceTitle "CBM 172 Extra"]
[Source "ChessBase"]
[SourceDate "2016.06.21"]
[SourceVersion "1"]
[SourceVersionDate "2016.06.21"]
[SourceQuality "1"]
[WhiteTeam "Povazske Podhradie"]
[BlackTeam "Presov Slavia"]
[WhiteTeamCountry "SVK"]
[BlackTeamCountry "SVK"]

1. e4 c5 2. Nf3 Nc6 3. d4 cxd4 4. Nxd4 g6 5. Nc3 Bg7 6. Be3 Nf6 7. f3 0-0 8. Qd2 d5 9. Nxc6 bxc6 10. exd5 cxd5 11. Rd1 e6 12. Be2 Bd7 13. 0-0 Qa5 14. Kh1 Rfc8 15. Bd4 Qc7 16. Qg5 Qd8 17. Bd3 Ne8 18. Qe3 Qh4 19. Bxg7 Kxg7 20. Ne2 a5 21. f4 Qf6 22. b3 Nd6 23. Nd4 Rab8 24. Qe5 Nb5 25. Nf3 Nc3 26. Ra1 a4 27. Ba6 Rd8 28. Nd4 Rb4 29. Nf3 Rxf4 30. Qc7 Bb5 31. Bxb5 Nxb5 32. Qb6 Nd4 33. Nd2 e5 34. Qc7 Ne6 35. Qa7 e4 36. g3 Rf5 37. bxa4 Rc8 38. Rac1 Rc7 39. Qe3 Rc3 40. Qe2 Nd4 41. Qd1 e3 42. Rxf5 Qxf5 43. Nb3 Qe4+ 44. Kg1 Nf3+ 45. Kf1 Nxh2+ 46. Kg1 Nf3+ 47. Kf1 Qg4 48. Kg2 e2 49. Qxe2 Nh4+ 50. Kf1 Rf3+ 51. Ke1 Qxg3+ 52. Kd1 Rf2 0-1

[Event "SVK-chT2D 1516"]
[Site "Slovakia"]
[Date "2015.10.18"]
[Round "2.1"]
[White "Dujava, Jonas"]
[Black "Juhar, Roman"]
[Result "0-1"]
[WhiteElo "2101"]
[BlackElo "2180"]
[PlyCount "42"]
[EventDate "2015.10.17"]
[EventType "team-tourn"]
[EventRounds "11"]
[EventCountry "SVK"]
[SourceTitle "CBM 169 Extra"]
[Source "ChessBase"]
[SourceDate "2015.12.18"]
[SourceVersion "1"]
[SourceVersionDate "2015.12.18"]
[SourceQuality "1"]
[WhiteTeam "Presov Slavia"]
[BlackTeam "Velke Kapusany"]
[WhiteTeamCountry "SVK"]
[BlackTeamCountry "SVK"]

1. e4 e5 2. Nf3 Nc6 3. Bc4 Nf6 4. Ng5 Bc5 5. Bxf7+ Ke7 6. Bd5 Rf8 7. 0-0 d6 8. h3 Qe8 9. d3 Qg6 10. Kh1 h6 11. Nf3 Qh5 12. Bxc6 bxc6 13. Nc3 Ng4 14. Qe2 Nxf2+ 15. Rxf2 Bxf2 16. Qxf2 g5 17. Be3 Bxh3 18. Rf1 g4 19. Qg3 Bxg2+ 20. Kxg2 gxf3+ 21. Kf2 Rg8 0-1

[Event "Kosice Kotan Memorial 7th"]
[Site "Kosice"]
[Date "2015.07.19"]
[Round "3"]
[White "Jacko, Vladimir1111"]
[Black "Dujava, Jonas"]
[Result "0-1"]
[WhiteElo "2355"]
[BlackElo "2157"]
[PlyCount "44"]
[EventDate "2015.07.18"]
[EventType "swiss"]
[EventRounds "9"]
[EventCountry "SVK"]
[SourceTitle "EXT 2016"]
[Source "ChessBase"]
[SourceDate "2015.10.08"]
[SourceVersion "1"]
[SourceVersionDate "2015.10.08"]
[SourceQuality "1"]

1. e4 e5 2. Nc3 Nc6 3. f4 exf4 4. Nf3 d6 5. d4 g5 6. Bc4 g4 7. 0-0 gxf3 8. Qxf3 Qf6 9. e5 dxe5 10. Nd5 Qd6 11. dxe5 Nxe5 12. Qxf4 Be6 13. Rd1 0-0-0 14. Bb3 Ng4 15. h3 N4f6 16. c4 Bxd5 17. Qf2 Ne4 18. Qf3 Qb6+ 19. Be3 Bc5 20. Qg4+ Rd7 21. Rxd5 Bxe3+ 22. Kf1 Ngf6 0-1

[Event "SVK-chT2D 14/15"]
[Site "Slovakia"]
[Date "2014.12.06"]
[Round "5.6"]
[White "Dujava, Jonas"]
[Black "Belis, Rudolf"]
[Result "1/2-1/2"]
[WhiteElo "1929"]
[BlackElo "2007"]
[PlyCount "91"]
[EventDate "2014.10.11"]
[EventType "team-tourn"]
[EventRounds "11"]
[EventCountry "SVK"]
[SourceTitle "EXT 2019"]
[Source "ChessBase"]
[SourceDate "2018.10.10"]
[SourceVersion "1"]
[SourceVersionDate "2018.10.10"]
[SourceQuality "1"]
[WhiteTeam "Presov Slavia PU"]
[BlackTeam "Presov Tatran Dason"]
[WhiteTeamCountry "SVK"]
[BlackTeamCountry "SVK"]

1. e4 g6 2. d4 Nf6 3. Nc3 d5 4. e5 Nh5 5. Be2 Ng7 6. Bh6 c6 7. f4 Na6 8. Nf3 Bg4 9. Nh4 Bxe2 10. Qxe2 e6 11. Qf2 Rg8 12. 0-0 Be7 13. Bg5 Nf5 14. Nxf5 gxf5 15. Bxe7 Qxe7 16. a3 0-0-0 17. Na4 Rg6 18. Qe2 Rdg8 19. Rf2 Qh4 20. b4 Rh6 21. g3 Rxg3+ 22. Kh1 Nc7 23. Nc5 Qg4 24. Qxg4 Rxg4 25. a4 Rhh4 26. Nd3 Rh3 27. Rg1 Rh6 28. Rfg2 Rhg6 29. Rxg4 fxg4 30. h3 gxh3 31. Rxg6 fxg6 32. Kh2 b6 33. Kxh3 Kd8 34. Kh4 h6 35. Nf2 Ke7 36. Ng4 h5 37. Nh2 Ne8 38. Kg5 Kf7 39. Nf3 Ng7 40. Nh4 Nf5 41. Nxf5 exf5 42. b5 cxb5 43. axb5 Kg7 44. c3 Kf7 45. Kh4 Ke6 46. Kg5 1/2-1/2